000
00238nam a2200109Ia 4500
999
_c
7842
_d
7842
020
_a
978-0070422124
100
_a
Roger LeRoy Miller
245
0
_a
Modern Money & Banking
260
_a
USA
_b
McGraw Hill
_c
1993
300
_a
794
942
_c
BK